000 00771nam a22002177a 4500
003 OSt
005 20230127163106.0
008 221006b |||||||| |||| 00| 0 eng d
040 _cBiblioteca Lado V
082 _a708
_bZ25z
100 _9698
_aZamora, Diego
_eco-director
245 _aZumo/
260 _bTecnológico de Costa Rica
_bEscuela de Arquitectura y Urbanismo
_aSan Jose
_c2016
300 _c13x10cm
_a24p.
650 _2Tesauro de Arte & Arquitectura
_aEXHIBICION
650 _2Tesauro de Arte & Arquitectura
_aPROYECTO ACADEMICO
650 _2Tesauro de Arte & Arquitectura
_aCOSTA RICA
650 _2Tesauro de Arte & Arquitectura
_aARTE COSTARRICENSE
700 _aOtarola, Mauricio
_eco-director
942 _2ddc
_c1
_h708
_iZ25z
_n0
999 _c2986
_d2986